Quizz Culture Générale N°1 - 30 questions - Statistiques

Statistiques générales
  • Ce quiz a été pris 386 fois
  • Le résultat moyen est 13 sur 30
Statistiques - réponses
Question Réponse % Correct
Dans quelle ville américaine se situe Hollywood ? Los Angeles
94%
Quel animal se trouve sur le logo de Lacoste ? Un crocodile
88%
A quel sport associe-t-on le "Grand Chelem" ? Le tennis
79%
Selon la superstition, quel objet, si on le brise, attire sept ans de malheur ? Un miroir
79%
En géométrie, comment appelle-t-on un triangle dont les trois côtés sont de longueur égale ? Équilatéral
76%
Quel nom donne-t-on au fait d'entreprendre un voyage vers un lieu saint ? Un pélerinage
75%
Combien fait 20 + 4 x 7 - 8 + 2 x 8 ? 56
72%
Comment appelle-t-on la spécialité médicale qui étudie les maladies du système nerveux et plus particulièrement du cerveau ? La neurologie
61%
Quelle est la nature grammaticale du mot "aujourd'hui" ? Adverbe
60%
Comment appelait-on le commerce entre l'Europe, l'Afrique et l'Amérique visant à la déportation d'esclaves ? Le commerce triangulaire
57%
En quelle année Napoléon Bonaparte est-il devenu empereur ? 1804
54%
Quel animal est parfois appelé la "licorne des mers" ? Le narval
53%
Dans quel sport s'est illustré le sportif néerlandais Mathieu van der Poel ? Cyclisme
52%
Comment appelle-t-on un animal qui se nourrit d'animaux morts ? Charognard
50%
Quel est le numéro du département de la Charente ? 16
47%
Dans quel film d'animation des studios Disney trouve-t-on le royaume d'Arendelle ? La Reine des Neiges
47%
Quelle émission télévisée fut animée par la présentatrice Laurence Boccolini entre 2001 et 2007 ? Le Maillon faible
44%
Sur quel pays a régné l'impératrice Catherine II de 1762 à 1796 ? La Russie
41%
Quel est le prénom du personnage principal du roman "Madame Bovary" de Gustave Flaubert ? Emma
38%
Qui était empereur lors du Grand Incendie de Rome en 64 ? Néron
34%
Qui a écrit le roman "Voyage au bout de la nuit" ? Céline
29%
De quel pays le film d'horreur "Rec" est-il originaire ? Espagne
29%
Dans quel film américain sorti en 1994 retrouve-t-on le personnage de Vincent Vega ? Pulp Fiction
24%
Au 1000 bornes, quelle carte permet de ne plus pouvoir avoir besoin de feu vert ? Véhicule prioritaire
17%
A quel défaut associe-t-on le personnage théâtral de Tartuffe ? Hypocrisie
10%
Dans l'univers de Batman, sous quel nom de super-vilain est connu l'acteur Matt Hagen ? Gueule d'Argile
8%
Quel dieu égyptien est communément représenté avec une tête d'Ibis ? Thot
6%
Quel héros de fantasy a été créé par l'auteur Robert E. Howard ? Conan le Barbare
4%
Sous quel nom de scène est connu John Simon Ritchie, second bassiste des Sex Pistols ? Sid Vicious
4%
Quel tueur en série américain était connu sous le nom du "Night Stalker", ou "Traqueur de la nuit" ? Richard Ramirez
3%
Aucun quiz correspondant
Distribution des résultats
% des personnes avec chaque résultat
Percentile par nombre de réponses
Votre historique - résultats
Vous n’avez pas pris ce quiz